Možnosť využitia prostriedkov z ERDF na podporu rozvoja vo vybranom kraji v SR (na príklade Prešovského samosprávneho kraja) diplomová práca

Salvato in:
Dettagli Bibliografici
Autore principale: Zyková, Veronika
Ente Autore: Národohospodárska fakulta EU. Katedra verejnej správy a regionálneho rozvoja
Altri autori: Ivaničková, Alžbeta
Natura: Libro
Lingua:slovacco
Pubblicazione: Bratislava 2009
Tags: Aggiungi Tag
Nessun Tag, puoi essere il primo ad aggiungerne!!

MARC

LEADER 00000nam$a2200000$$$4500
001 0098492
005 20240319124853.7
041 0 |a slo 
044 |a SK 
245 1 0 |a Možnosť využitia prostriedkov z ERDF na podporu rozvoja vo vybranom kraji v SR (na príklade Prešovského samosprávneho kraja)  |b diplomová práca  |c Veronika Zyková ; škol. Alžbeta Ivaničková 
264 1 |a Bratislava  |c 2009 
300 |a 89 s. 
100 1 |a Zyková, Veronika 
700 1 |a Ivaničková, Alžbeta 
710 2 |a Národohospodárska fakulta EU. Katedra verejnej správy a regionálneho rozvoja